Top 5 European Leagues Top Scorers: 2015/16 - Statistics

General Stats
  • This quiz has been taken 26 times
  • The average score is 19 of 26
Answer Stats
League Goals Club Nationality Player % Correct
La Liga 35 Real Madrid Portugal Cristiano Ronaldo
100%
Premier League 25 Tottenham England Harry Kane
100%
La Liga 24 Real Madrid France Karim Benzema
100%
La Liga 40 Barcelona Uruguay Luis Suarez
100%
Bundesliga 30 Bayern Munich Poland Robert Lewandowski
100%
Premier League 24 Leicester England Jamie Vardy
96%
La Liga 26 Barcelona Argentina Lionel Messi
96%
La Liga 24 Barcelona Brazil Neymar
96%
Premier League 18 Everton Belgium Romelu Lukaku
96%
Premier League 24 Manchester City Argentina Sergio Aguero
96%
Bundesliga 20 Bayern Munich Germany Thomas Muller
96%
Serie A 36 Napoli Argentina Gonzalo Higuain
91%
Serie A 19 Juventus Argentina Paulo Dybala
91%
Bundesliga 25 Borussia Dortmund Gabon Pierre-Emerick Aubameyang
91%
Premier League 17 Leicester Algeria Riyad Mahrez
91%
Bundesliga 17 Bayer Leverkusen Mexico Javier Hernandez
87%
Serie A 14 Roma Egypt Mohamed Salah
87%
Serie A 18 Milan Colombia Carlos Bacca
61%
Serie A 16 Inter Argentina Mauro Icardi
61%
Bundesliga 15 Koln France Anthony Modeste
52%
Primeira Liga 27 Sporting Algeria Islam Slimani
39%
Primeira Liga 32 Benfica Brazil Jonas
30%
Primeira Liga 20 Benfica Greece Kostas Mitroglou
26%
Primeira Liga 17 Estoril Brazil Leo Bonatini
4%
Serie A 14 Genoa Italy Leonardo Pavoletti
4%
Primeira Liga 16 Moreirense Brazil Rafael Martins
4%
No matching quizzes found
Score Distribution
Percent of People with Each Score
Percentile by Number Answered
Your Score History
You have not taken this quiz